00537nam a2200169 b 450000500170000000800410001702000230005804000140008104100060009508200170010110000170011824500280013526000610016330000460022449000510027065000460032120240516123116.0220920s9999 xx 000 0 und d a9781770083721qhbk aRDAc3228 2E aJ/R 968 BARN aBarnes, Lynn 0aThe flag/cLynn Barnes. bAwareness Publishing:aGallo Manor, South Africa;c2015. a36 pages.:bcolour illustrations;c21 cm. aAbout our country- South Africax9781770083707 aFlagsvJuvenile literaturezSouth Africa.